Statistics for Changi Airport Destinations (Singapore, Singapore)

Click here to take the quiz!

General Stats

  • This quiz has been taken 76 times
  • The average score is 94 of 140

Answer Stats

AirlineDestination% Correct
AirAsia/Batik Air Malaysia/Ethiopian Airlines/Jetstar Asia/Malaysia Airlines/Scoot/Singapore AirlinesKuala Lumpur (International)
100%
Batik Air/Citilink/Garuda Indonesia/Indonesia AirAsia/Jetstar Asia/KLM/Scoot/Singapore AirlinesJakarta (Soekarno-Hatta)
98%
Air New Zealand/Singapore AirlinesAuckland
93%
Scoot/Thai AirAsia/Thai Lion AirBangkok (Don Mueang)
93%
Gulf Air/Jetstar Asia/Scoot/Singapore Airlines/Thai Airways International/Thai VietJet AirBangkok (Suvarnabhumi)
93%
TUI AirwaysLondon (Gatwick)
93%
British Airways/Qantas/Singapore AirlinesLondon (Heathrow)
93%
Cebu Pacific/Jetstar Asia/Philippine Airlines/Scoot/Singapore AirlinesManila
93%
Emirates/Jetstar/Qantas/Scoot/Singapore AirlinesMelbourne
93%
Asiana Airlines/Korean Air/Scoot/Singapore Airlines/T'way AirSeoul (Incheon)
93%
British Airways/Qantas/ScootSydney
93%
Air China/Singapore AirlinesBeijing (Capital)
91%
Air India/IndiGo/Singapore Airlines/VistaraDelhi
91%
Bamboo Airways/Scoot/Singapore Airlines/VietJet Air/Vietnam AirlinesHanoi
91%
Singapore AirlinesNew York (JFK)
91%
Air France/Singapore AirlinesParis (Charles de Gaulle)
91%
Qantas/Scoot/Singapore AirlinesPerth
91%
Ethiopian AirlinesAddis Ababa
89%
Qantas/Singapore AirlinesBrisbane
89%
Batik Air/Garuda Indonesia/Indonesia AirAsia/Jetstar Asia/KLM/Scoot/Singapore AirlinesDenpasar
89%
Emirates/Singapore AirlinesDubai (International)
89%
FinnairHelsinki
89%
Bamboo Airways/Pacific Airlines/Scoot/Singapore Airlines/VietJet Air/Vietnam AirlinesHo Chi Minh City
89%
Cathay Pacific/HK Express/Scoot/Singapore AirlinesHong Kong
89%
Singapore Airlines/Turkish AirlinesIstanbul
89%
Singapore AirlinesLos Angeles
89%
Singapore Airlines/United AirlinesSan Francisco
89%
Air China/China Eastern Airlines/Juneyao Airlines/Singapore Airlines/Spring AirlinesShanghai (Pudong)
89%
All Nippon Airways/Japan Airlines/Singapore AirlinesTokyo (Haneda)
89%
All Nippon Airways/Japan Airlines/Scoot/Singapore Airlines/Zipair TokyoTokyo (Narita)
89%
Etihad AirwaysAbu Dhabi
87%
KLM/Singapore AirlinesAmsterdam
87%
Qatar AirwaysDoha
87%
Lufthansa/Singapore AirlinesFrankfurt
87%
Air India/IndiGo/Singapore Airlines/VistaraMumbai
87%
Singapore AirlinesRome (Fiumicino)
87%
Jeju Air/Singapore AirlinesBusan
85%
Singapore Airlines/SriLankan AirlinesColombo (Bandaranaike)
85%
Lufthansa/Singapore AirlinesMunich
85%
Scoot/Singapore AirlinesOsaka (Kansai)
85%
Biman Bangladesh Airlines/Singapore Airlines/US-Bangla AirlinesDhaka
83%
China Southern Airlines/Scoot/Singapore AirlinesGuangzhou
83%
Singapore Airlines/XiamenAirXiamen
83%
Singapore Airlines/Swiss International Air LinesZurich
83%
Singapore AirlinesAdelaide
80%
Royal Brunei Airlines/Singapore AirlinesBandar Seri Begawan
80%
Cebu Pacific/Scoot/Singapore AirlinesCebu
80%
Air India/Air India Express/IndiGo/Singapore AirlinesChennai
80%
Singapore AirlinesMilan (Malpensa)
80%
China Airlines/EVA Air/Scoot/Singapore Airlines/Starlux AirlinesTaipei (Taoyuan)
80%
IndiGo/Singapore AirlinesKolkata
78%
Cambodia Airways/Jetstar Asia/Singapore AirlinesPhnom Penh
78%
Jetstar Asia/Scoot/Singapore Airlines/Thai AirAsiaPhuket
78%
China Southern Airlines/Shenzhen Airlines/Singapore AirlinesShenzhen
78%
Myanmar Airways International/Myanmar National Airlines/Singapore AirlinesYangon
78%
ScootAthens
76%
IndiGo/Singapore AirlinesBangalore
76%
Chongqing Airlines/Singapore AirlinesChongqing
76%
Singapore AirlinesChristchurch
76%
Saudia/ScootJeddah
76%
Air Macau/ScootMacau
76%
Air China/Sichuan Airlines/Singapore AirlinesChengdu (Tianfu)
74%
Singapore AirlinesDarwin
74%
Air NiuginiPort Moresby
74%
Singapore AirlinesVancouver
74%
ScootWuhan
74%
China Eastern Airlines/ScootXi'an
74%
Air TimorDili
72%
Singapore AirlinesJohannesburg (O.R.Tambo)
72%
Singapore AirlinesKathmandu
72%
Singapore AirlinesNagoya (Centrair)
72%
ScootVientiane
72%
Singapore AirlinesBarcelona
70%
ScootBerlin
70%
Singapore Airlines/VietJet AirDa Nang
70%
Hebei Airlines/Scoot/XiamenAirHangzhou
70%
Scoot/Singapore AirlinesHyderabad
70%
Singapore Airlines/TUI AirlinesManchester
70%
ScootNanjing
70%
Singapore AirlinesAhmedabad
67%
Singapore AirlinesCopenhagen
67%
Singapore AirlinesFukuoka
67%
AirAsia/Firefly/Jetstar Asia/Scoot/Singapore AirlinesPenang
67%
ScootSapporo (Chitose)
67%
Batik Air/Citilink/Garuda Indonesia/Indonesia AirAsia/Jetstar Asia/Scoot/Singapore AirlinesSurabaya
67%
Singapore AirlinesCape Town
65%
Scoot/Thai AirAsiaChiang Mai
65%
Fiji AirwaysNadi
65%
Singapore AirlinesSeattle/Tacoma
65%
ScootTianjin
65%
Gulf AirBahrain
61%
Singapore AirlinesCairns
61%
Hainan Airlines/Jetstar Asia/ScootHaikou
61%
ScootJeju
61%
China Eastern AirlinesKunming
61%
ScootShenyang
61%
Cambodia Airways/Singapore AirlinesSiem Reap
61%
Singapore AirlinesMale
59%
Batik Air/Singapore AirlinesMedan
59%
Singapore AirlinesNewark
59%
Scoot/XiamenAirFuzhou
57%
Singapore AirlinesHouston (Intercontinental)
57%
AirAsia/ScootKota Kinabalu
57%
Cebu Pacific/Scoot/Singapore AirlinesDavao
54%
AirAsia/Malaysia Airlines/ScootKuching
54%
VistaraPune
54%
ScootQingdao
54%
ScootGold Coast
50%
GX Airlines/Scoot/Spring AirlinesNanning
50%
China Southern Airlines/ScootZhengzhou
50%
Batik Air/Indonesia AirAsia/ScootYogyakarta (International)
48%
Cebu Pacific/Jetstar Asia/ScootClark
46%
Batik Air/ScootMakassar
43%
AircalinNoumea
43%
Singapore AirlinesKochi
41%
ScootJinan
39%
AirAsia/ScootLangkawi
39%
TUI AirwaysBirmingham
37%
ScootKrabi
37%
ScootNingbo
37%
AirAsia/ScootIpoh
35%
Bangkok AirwaysKoh Samui
35%
AirAsia/ScootMiri
35%
DrukairParo
35%
ScootPekanbaru
35%
ScootLombok
33%
ScootBalikpapan
30%
ScootKuantan
30%
ScootNanchang
30%
ScootHat Yai
28%
Air India ExpressMadurai
28%
ScootThiruvananthapuram
28%
AirAsiaSibu
26%
IndiGoBhubaneswar
24%
Air India Express/IndiGo/ScootTiruchirappalli
24%
ScootVisakhapatnam
24%
DrukairGuwahati
22%
ScootCoimbatore
20%
ScootManado
20%
ScootAmritsar
17%

Score Distribution

Percentile by Number Answered

Percent of People with Each Score

Your Score History

You have not taken this quiz